| 000 | 00431nam a2200145 a 4500 | ||
|---|---|---|---|
| 001 | 000033389 | ||
| 005 | 20200930070226.0 | ||
| 008 | 110825s1959 dr c 000 0 spa d | ||
| 040 |
_aDO-SdBNP _bspa _cBNPHU |
||
| 082 |
_axxxx _bC292 |
||
| 100 | 1 |
_aCaro, Nestor _928670 |
|
| 245 | 1 | 0 |
_aJusticia y democracia / _cNestor Caro. |
| 260 |
_aCiudad Trujillo, República Dominicana : _bLa Nación, _c1959. |
||
| 300 |
_a63 p. : _bretr. ; _c24 cm. |
||
| 999 |
_c32880 _d32880 |
||